| 000 | 00491nam a22001931a 4500 | ||
|---|---|---|---|
| 001 | 10425 | ||
| 003 | OSt | ||
| 005 | 20260204212158.0 | ||
| 008 | 090106s1975||||sp ||||||b||||||||||spa|| | ||
| 020 | _a8427938330 | ||
| 050 | _a923.63252 H911m | ||
| 100 | _aHunt, E. Haward | ||
| 245 | _aMemoria de un espia:de la cia al escandalo Watergate / E. Haward Hunt | ||
| 250 | _a2 | ||
| 264 | _aEspaña : Noguer | ||
| 300 | _a350 p | ||
| 650 | _aMemorias Agente Decreto CiaÌ | ||
| 942 |
_2ddc _cBK |
||
| 999 |
_c10425 _d10425 |
||